Normal view
MARC view
Entry Topical Term
001 - CONTROL NUMBER
- control field: 15464
003 - CONTROL NUMBER IDENTIFIER
- control field: OSt
005 - DATE AND TIME OF LATEST TRANSACTION
- control field: 20211130151130.0
008 - FIXED-LENGTH DATA ELEMENTS
- fixed length control field: 211130|| aca||aabn | a|a d
040 ## - CATALOGING SOURCE
- Original cataloging agency: OSt
- Transcribing agency: OSt
150 ## - HEADING--TOPICAL TERM
- Topical term or geographic name entry element: Mortgage loans.
670 ## - SOURCE DATA FOUND
- Source citation: Work cat.: (OSt): Brueggeman, William B; Jeffrey D. Fisher 15462, Real estate Finance and Investments., c2011
